[Event "CAN-ch U14"]
[Site "Quebec"]
[Date "2008.07.15"]
[Round "4"]
[White "Cote Lalumiere, Tristan"]
[Black "Seguin, Ryan"]
[Result "1/2-1/2"]
[WhiteElo "1724"]
[BlackElo "1386"]
[PlyCount "56"]
[EventDate "2008.07.14"]
[EventType "swiss"]
[EventRounds "7"]
[EventCountry "CAN"]
[SourceTitle "EXT 2011"]
[Source "ChessBase"]
[SourceDate "2010.11.26"]
[SourceVersion "1"]
[SourceVersionDate "2010.11.26"]
[SourceQuality "1"]

1. e4 e5 2. f4 Bc5 3. Nf3 d6 4. Bc4 Bg4 5. h3 Bxf3 6. Qxf3 Nc6 7. c3 Qf6 8. d3 0-0-0 9. a4 a6 10. Rf1 Nge7 11. b4 Ba7 12. Be3 Bxe3 13. Qxe3 Kb8 14. fxe5 Qxe5 15. d4 Qh5 16. Nd2 Rhf8 17. b5 Na5 18. Be2 Qh4+ 19. Kd1 d5 20. bxa6 b6 21. exd5 Nxd5 22. Qd3 g6 23. Bf3 Qg5 24. Re1 Rfe8 25. Ne4 Qh4 26. g3 Qe7 27. Kc2 Qd7 28. Qb5 c6 1/2-1/2